Statistics for Top 10 Most Mexican U.S. States

Click here to take the quiz!

General Stats

  • This quiz has been taken 179 times
  • The average score is 8 of 10

Answer Stats

%State% Correct
28.7New Mexico
99%
31.6Texas
99%
30.7California
98%
25.9Arizona
96%
20.0Nevada
91%
15.1Colorado
89%
9.7Oregon
79%
9.4Utah
77%
9.5Idaho
57%
12.5Illinois
54%

Score Distribution

Percentile by Number Answered

Percent of People with Each Score

Your Score History

You have not taken this quiz